logo

Bir Sreshtho Munshi Abdur Rouf Library
Jhenaidah Cadet College

Postcards from Bangladesh / (Record no. 9697)

MARC details
000 -LEADER
fixed length control field 00847cam a2200313 a 4500
001 - CONTROL NUMBER
JCCL Control Number 9697
003 - CONTROL NUMBER IDENTIFIER
JCCL marc code BD-JhCC
005 - DATE AND TIME OF LATEST TRANSACTION
control field 20180325194445.0
008 - FIXED-LENGTH DATA ELEMENTS--GENERAL INFORMATION
fixed length control field 180322s2002 ii a 000 0 eng
020 ## - INTERNATIONAL STANDARD BOOK NUMBER
International Standard Book Number 9840516191
020 ## - INTERNATIONAL STANDARD BOOK NUMBER
International Standard Book Number 9847022000349
020 ## - INTERNATIONAL STANDARD BOOK NUMBER
International Standard Book Number 9847022000349
035 ## - SYSTEM CONTROL NUMBER
system control number (DLC) 2002301110
-- (BD-JhCC)9697
040 ## - CATALOGING SOURCE
Original cataloging agency DLC
Transcribing agency DLC
Modifying agency BD-JhCC
041 ## - LANGUAGE CODE
Language code of Book eng
050 00 - LIBRARY OF CONGRESS CALL NUMBER
Classification number DS393.5
Item number .S443 2002
082 ## - DEWEY DECIMAL CLASSIFICATION NUMBER
Author mark and Year SEN 2002
Classification number 954.92
100 1# - MAIN ENTRY--PERSONAL NAME
Personal name Sen, Sudeep.
245 10 - TITLE STATEMENT
Title Postcards from Bangladesh /
Statement of responsibility, etc Sudeep Sen, Tanvir, Kelley Lynch.
246 30 - VARYING FORM OF TITLE
Title proper/short title Bangladesh
250 ## - EDITION STATEMENT
Edition statement 1st ed.
260 ## - PUBLICATION, DISTRIBUTION, ETC. (IMPRINT)
Place of publication, distribution, etc Dhaka :
Name of publisher, distributor, etc University Press,
Date of publication, distribution, etc 2002.
300 ## - PHYSICAL DESCRIPTION
Pagination 303 p. :
Other physical details col. ill. ;
Dimensions 27 cm.
651 #0 - SUBJECT ADDED ENTRY--GEOGRAPHIC NAME
Geographic name Bangladesh
Form subdivision Pictorial works.
700 0# - ADDED ENTRY--PERSONAL NAME
Personal name Tanvir,
Dates associated with a name 1968-
700 1# - ADDED ENTRY--PERSONAL NAME
Personal name Lynch, Kelley,
Dates associated with a name 1965-
942 ## - ADDED ENTRY ELEMENTS (KOHA)
Source of classification or shelving scheme Dewey Decimal Classification
Koha item type Reference
Holdings
Source of classification or shelving scheme Damaged status Not for loan Home library Current library Shelving location Total Checkouts Full call number Barcode Date last seen Copy number Koha item type
Dewey Decimal Classification     JCC Rouf Library JCC Rouf Library General Stacks   954.92 SEN 2002 12923 03/22/2018 C - 1 Reference

JCC Library | Contacts | JCC Home

Last Update on 23 September 2017
Copyright @ 2017-2020 JCC Rouf Library
Rouf Library, Jhenidah Cadet College (JCC), Bangladesh